|
|
|
|
| LEADER |
00000cam a22000004a 4500 |
| 001 |
musev2_89968 |
| 003 |
MdBmJHUP |
| 005 |
20230905053005.0 |
| 006 |
m o d |
| 007 |
cr||||||||nn|n |
| 008 |
200511s2021 nyu o 00 0 eng d |
| 010 |
|
|
|z 2020015852
|
| 020 |
|
|
|a 9781479812448
|
| 035 |
|
|
|a (OCoLC)1154949981
|
| 040 |
|
|
|a MdBmJHUP
|c MdBmJHUP
|
| 100 |
1 |
|
|a Crane, Ken R.,
|d 1957-
|e author.
|
| 245 |
1 |
0 |
|a Iraqi Refugees in the United States :
|b The Enduring Effects of the War on Terror /
|c Ken R. Crane.
|
| 264 |
|
1 |
|a New York :
|b New York University Press,
|c [2021]
|
| 264 |
|
3 |
|a Baltimore, Md. :
|b Project MUSE,
|c 2022
|
| 264 |
|
4 |
|c ©[2021]
|
| 300 |
|
|
|a 1 online resource.
|
| 336 |
|
|
|a text
|b txt
|2 rdacontent
|
| 337 |
|
|
|a computer
|b c
|2 rdamedia
|
| 338 |
|
|
|a online resource
|b cr
|2 rdacarrier
|
| 505 |
0 |
|
|a Introduction -- Belonging and displacement -- Work, autonomy, belonging -- "Just trust us" -- Two kinds of citizens -- "Where are the Americans?" -- Belonging 2.015 -- Conclusion.
|
| 520 |
|
|
|a ""Iraqi Refugees in the United States" explores enduring effects of the war on terror"--
|c Provided by publisher.
|
| 588 |
|
|
|a Description based on print version record.
|
| 650 |
|
7 |
|a Refugees.
|2 fast
|0 (OCoLC)fst01092797
|
| 650 |
|
7 |
|a Islamophobia.
|2 fast
|0 (OCoLC)fst01737869
|
| 650 |
|
7 |
|a Iraqis
|x Social conditions.
|2 fast
|0 (OCoLC)fst00978867
|
| 650 |
|
7 |
|a Immigrants
|x Cultural assimilation.
|2 fast
|0 (OCoLC)fst00967721
|
| 650 |
|
7 |
|a Emigration and immigration
|x Social aspects.
|2 fast
|0 (OCoLC)fst00908722
|
| 650 |
|
6 |
|a Islamophobie
|z États-Unis.
|
| 650 |
|
6 |
|a Immigrants
|x Integration
|z États-Unis.
|
| 650 |
|
6 |
|a Refugies
|z Irak.
|
| 650 |
|
0 |
|a Islamophobia
|z United States.
|
| 650 |
|
0 |
|a Immigrants
|x Cultural assimilation
|z United States.
|
| 650 |
|
0 |
|a Iraqis
|z United States
|x Social conditions.
|
| 650 |
|
0 |
|a Refugees
|z Iraq.
|
| 651 |
|
7 |
|a United States.
|2 fast
|0 (OCoLC)fst01204155
|
| 651 |
|
7 |
|a Iraq.
|2 fast
|0 (OCoLC)fst01205757
|
| 651 |
|
0 |
|a United States
|x Emigration and immigration
|x Social aspects.
|
| 655 |
|
7 |
|a Electronic books.
|2 local
|
| 710 |
2 |
|
|a Project Muse.
|e distributor
|
| 830 |
|
0 |
|a Book collections on Project MUSE.
|
| 856 |
4 |
0 |
|z Texto completo
|u https://projectmuse.uam.elogim.com/book/89968/
|
| 945 |
|
|
|a Project MUSE - Custom Collection
|